000
00236nam a2200097Ia 4500
001
771148
005
20250826165710.0
008
250824s9999 xx 000 0 und d
245
0
_a
ALLAH A KOŞUN
_c
UĞUR KOŞAR
260
_b
DESTEK YAYINLARI
999
_c
771148
_d
771148